00729nam a2200193 a 450000100100000000500170001000800410002702000150006804000250008308200160010810000220012424501170014626000380026330000280030150000350032950000410036453401030040570000270050800002450120200930023216.0110128s1992 mx a r 001 0 spa d a9681843681 aDO-SdBNPbspacBNPHU axxxxbM195l1 aMagleby, David B.10aLegislación directiva :bgrupos de presión y efectividad /cDavid B. Magleby ; traducción Juan Naves Ruiz. aMéxico, D. F. :bLimusa,c1992. a307 p. :bil. ;c23 cm. aIncluye índice alfabético. aIncluye bibliografía p. [275-297]. pTítulo original.tDirect LegislationcThe johns Hopkins University Press, MCMLXXXIV.z08018284491 aNaves Ruiz, Juan,etr.